Normal view
MARC view
Entry Uniform Title
001 - CONTROL NUMBER
- control field: 62288
003 - CONTROL NUMBER IDENTIFIER
- control field: dpl
005 - DATE AND TIME OF LATEST TRANSACTION
- control field: 20240220120303.0
008 - FIXED-LENGTH DATA ELEMENTS
- fixed length control field: 240220|| aca||aabn | a|a d
040 ## - CATALOGING SOURCE
- Original cataloging agency: dpl
- Transcribing agency: dpl
130 ## - HEADING--UNIFORM TITLE
- Uniform title: टुकड़े-टुकड़े संवाद
670 ## - SOURCE DATA FOUND
- Source citation: Work cat.: (dpl)200919: राठी डॉ. सुमन 62287, टुकड़े -टुकड़े संवाद/
